Finančná analýza podniku bakalárska práca

Salvato in:
Dettagli Bibliografici
Autore principale: Bernátová, Michaela
Ente Autore: Podnikovohospodárska fakulta EU so sídlom v Košiciach. Katedra kvantitatívnych metód
Altri autori: Bednárová, Juliána, 1996-
Natura: Libro
Lingua:slovacco
Pubblicazione: Košice 2023
Tags: Aggiungi Tag
Nessun Tag, puoi essere il primo ad aggiungerne!!

MARC

LEADER 00000nbm a2200000 4500
001 0294426
005 20240711100255.4
041 0 |a slo 
044 |a SK 
245 1 0 |a Finančná analýza podniku  |b bakalárska práca  |c Michaela Bernátová ; školiteľ: Juliána Bednárová 
264 1 |a Košice  |c 2023 
300 |a 60 s. 
100 1 |a Bernátová, Michaela 
700 1 |a Bednárová, Juliána, 1996- 
710 2 |a Podnikovohospodárska fakulta EU so sídlom v Košiciach. Katedra kvantitatívnych metód